| 000 | 01273nam a2200313 a 4500 | ||
|---|---|---|---|
| 001 | BRCA_376 | ||
| 003 | FranzMayer | ||
| 005 | 20230918115903.0 | ||
| 008 | 920714s1990 mx-a---##b---#000-0#spa-# | ||
| 020 | _a9687193093 | ||
| 040 |
_aDLC _cDLC |
||
| 041 | _aspaeng | ||
| 050 | 4 |
_aF1386 _b.F47 1990 |
|
| 100 | 1 |
_aFernández, Miguel Ángel _91261 |
|
| 245 | 1 | 0 |
_aEl marco del encuentro _cMiguel Ángel Fernández ; editor Mario de la Torre. |
| 260 |
_a[México] _bEdición privada de Smurfit Cartón y Papel de México _c1990 |
||
| 300 |
_a251 p. _bil. (algunas a color) _c31 cm. |
||
| 440 | 0 |
_aColección CPM [Cultura y Pasado de México] _91262 |
|
| 500 | _aUn ejemplar se encuentra en el Anexo 1 | ||
| 500 | _aIncluye información sobre piezas de la colección Franz Mayer: Biombo de la Conquista (p. 48, 52, 53), Grabados (p. 126, 129) y sobre la construcción de la Catedral de México (p. 139) | ||
| 504 | _aBibliografía: p. 249-251 | ||
| 546 | _aTexto en español e inglés | ||
| 651 | 4 |
_aPlaza de la Constitución _zCiudad de México _91263 |
|
| 651 | 4 |
_aCiudad de México _xHistoria _9691 |
|
| 651 | 4 |
_aCiudad de México _xEdificios, estructuras, etc. _91264 |
|
| 653 | 0 | _aZócalo - Ciudad de México | |
| 700 | 1 |
_aTorre, Mario de la _91265 |
|
| 942 |
_2lcc _cB |
||
| 999 |
_c312 _d312 |
||